Carregando...

ഓരോരോ തിരിവുകൾ /

Detalhes bibliográficos
Autor principal: പ്രിയ, എ എസ്
Formato: Printed Book
Idioma:Malayalam
Publicado em: കോട്ടയം : കറന്റ് ബുക്‌സ്, 1994.
LEADER 00572nam a2200145Ia 4500
008 111205s1994 ii 000 0 mal d
041 |a mal 
100 1 |a പ്രിയ, എ എസ്.,  |9 393998 
245 |a ഓരോരോ തിരിവുകൾ /  |c എ.എസ്. പ്രിയ. 
246 |a Ororo Thirivukal 
260 |b കറന്റ് ബുക്‌സ്,   |a കോട്ടയം :  |c 1994. 
300 |a 138pages. 
942 |c BK 
999 |c 212426  |d 212426 
952 |0 0  |1 0  |4 0  |7 0  |9 234955  |a MAL  |b MAL  |c ST1  |d 2011-12-05  |g 27.00  |l 0  |p MAL23994  |r 2015-04-13  |v 27.00  |w 2015-04-13  |y BK  |k 1.00